Syrien : Hochkulturen zwischen Mittelmeer und Arabischer Wüste /
محفوظ في:
المؤلف الرئيسي:
مؤلفون آخرون:
التنسيق: كتاب
اللغة: German
منشور في:
[Köln] :
DuMont,
[1998].
سلاسل:
DuMont Kunst-Reiseführer.
الموضوعات:
الوسوم: إضافة وسم
لا توجد وسوم, كن أول من يضع وسما على هذه التسجيلة!
رقم الطلب: N7289.6 .O33 1998
| LEADER | 00835nam a2200253Ia 4500 | ||
|---|---|---|---|
| 003 | OSt | ||
| 005 | 20250824123702.0 | ||
| 008 | 990511s1998 gw a 001 0 ger d | ||
| 020 | |a 377013978X | ||
| 040 | |c ARCE Library | ||
| 050 | 4 | |a N7289.6 .O33 1998 | |
| 100 | 1 | |a Odenthal, Johannes, |d 1956- | |
| 245 | 1 | 0 | |a Syrien : |b Hochkulturen zwischen Mittelmeer und Arabischer Wüste / |c Johannes Odenthal und Frank Rainer Scheck. |
| 264 | 1 | |a [Köln] : |b DuMont, |c [1998]. | |
| 300 | |a 472 p. : |b ill. (some col.) ; |c 21 cm. | ||
| 490 | 0 | |a DuMont Kunst-Reiseführer. | |
| 500 | |a Includes indexes. | ||
| 650 | 0 | |a Architecture |z Syria |v Guidebooks. | |
| 650 | 0 | |a Art |z Syria |v Guidebooks. | |
| 651 | 0 | |a Syria |x Antiquities |v Guidebooks. | |
| 700 | 1 | |a Scheck, Frank Rainer, |d 1948- | |
| 901 | |a reviewed | ||
| 942 | |2 lcc |c BK | ||
| 999 | |c 47388 |d 47388 | ||
